000 00285nam a2200109Ia 4500
008 190216s9999||||xx |||||||||||||| ||und||
100 _aChaudhuri Bk
245 0 _aFinance Of Foreign Trade And Foreign Exchange
260 _bHimalaya Publishing House
_c1999
300 _a496p
942 _cBK
999 _c6167
_d6167